Friends Cast A-Z - Statistics

General Stats
  • This quiz has been taken 21 times
  • The average score is 7 of 18
Answer Stats
Answer % Correct
J Jennifer Aniston / James Micheal Tyler / Jane Sibbett / Jessica Hecht / June Gable / Jennifer Grey / Jana Marie Hupp / Jon Lovitz / Jon Favreau / Jennifer Milmore / Jon Haugen / Jennifer Saunders / Joanna Gleason
100%
M Matt LeBlanc / Matthew Perry / Maggie Wheeler / Mitchell Whitfield / Max Wright / Michele Maika / Morgan Faiechild / Mike Haherty / Marlo Thomas / Maury Ginsberg / Marla Sokoloff / Michael Ensign / Melissa George / Monique Edwards
94%
C Courteney Cox / Christina Pickles / Cosimo Fusco / Cole Sprouse / Cynthia Mann / Christine Taylor / Cali Sheldon / Christina Applegate / Christine Rose
88%
L Lisa Kudrow / Larry Hankin / Lauren Tom / Laura Dean / Lisa Melilli
81%
D David Schwimmer / Dorien Wilson / Dina Meyer / Debra Jo Rupp / Dante Pastula / Dermot Mulroney
56%
T Tom Selleck / Teri Garr / Tate Donovan / Tom Conti / Thomas Lennon / Troy Norton
44%
P Paget Brewster / Paxton Whitehead / Pat Finn / Paul Rudd / Phil Lewis
38%
B Bruce Willis / Bonnie Somerville / Brian Chenowith
31%
E Elliot Gould / Elle Macpherson / Eddie Cahill / Eddie McClintock
31%
R Reese Witherspoon / Roark Critchlow / Ron Leibman / Reg Rogers / Rick Pasqualone / Ron Glass
31%
G Giovanni Ribisi / George Newbern / Gary Oldman / Gregory Itzin
25%
H Hank Azaria / Helen Baxendale
13%
K Kathleen Turner
13%
A Adam Goldberg / Alison La Placa / Angela Featherstone / Allisyn Arm / Alexandra Holden / Amanda Carlin / Alec Baldwin / Aisha Tyler / Anna Faris
6%
F Fred Stoller
0%
N Noelle Sheldon
0%
S Steven Eckholdt / Shelley Berman / Sam McMurray / Sierra Marcoux / Steve Ireland / Sean Penn / Sam Pancake
0%
V Vincent Ventresca
0%
No matching quizzes found
Score Distribution
Percent of People with Each Score
Percentile by Number Answered
Your Score History
You have not taken this quiz